[Event "Tuebingen-ch 55th"]
[Site "Tuebingen"]
[Date "1996.??.??"]
[Round "?"]
[White "Drebenstedt, Horst"]
[Black "Braun, Thomas3333"]
[Result "1-0"]
[WhiteElo "1605"]
[BlackElo "1675"]
[PlyCount "63"]
[EventDate "1996.??.??"]
[EventType "swiss"]
[EventRounds "9"]
[EventCountry "GER"]
[SourceTitle "EXT 1999"]
[Source "ChessBase"]
[SourceDate "1998.11.16"]
[SourceVersion "1"]
[SourceVersionDate "1998.11.16"]
[SourceQuality "1"]

1. Nf3 Nf6 2. g3 g6 3. Bg2 Bg7 4. c4 c5 5. Nc3 0-0 6. 0-0 d6 7. d4 cxd4 8. Nxd4 a6 9. Bg5 Qc7 10. Nd5 Nxd5 11. cxd5 Qb6 12. Nc2 h6 13. Bc1 Nd7 14. Rb1 Nf6 15. Ne3 Bd7 16. b3 Rac8 17. Bb2 Ng4 18. Nc4 Qc7 19. Bxg7 Kxg7 20. Qd4+ Nf6 21. Qe3 Bf5 22. Rbc1 Qd8 23. Nb6 Rxc1 24. Rxc1 Ng4 25. Qd4+ Nf6 26. e4 Bd7 27. f4 Kh7 28. e5 dxe5 29. fxe5 Nh5 30. d6 exd6 31. Qxd6 Qg5 32. Rf1 1-0

[Event "Tuebingen-ch 55th"]
[Site "Tuebingen"]
[Date "1996.??.??"]
[Round "?"]
[White "Newen, Rosi"]
[Black "Drebenstedt, Horst"]
[Result "1-0"]
[WhiteElo "1630"]
[BlackElo "1605"]
[PlyCount "101"]
[EventDate "1996.??.??"]
[EventType "swiss"]
[EventRounds "9"]
[EventCountry "GER"]
[SourceTitle "EXT 1999"]
[Source "ChessBase"]
[SourceDate "1998.11.16"]
[SourceVersion "1"]
[SourceVersionDate "1998.11.16"]
[SourceQuality "1"]

1. d4 Nf6 2. Nf3 c5 3. d5 d6 4. Nc3 g6 5. e4 Nbd7 6. Be2 Bg7 7. 0-0 0-0 8. Bg5 Re8 9. Nd2 a6 10. a4 Qc7 11. f4 e6 12. dxe6 fxe6 13. Bf3 Nf8 14. Nc4 h6 15. Bxf6 Bxf6 16. Qxd6 Qxd6 17. Nxd6 Bd4+ 18. Kh1 Rd8 19. e5 Rb8 20. Rab1 b6 21. Ne2 Be3 22. Nc4 Bxf4 23. Nxf4 Rd4 24. Be2 g5 25. Nh5 Bd7 26. Nf6+ Kg7 27. Nxd7 Nxd7 28. Rbd1 b5 29. axb5 axb5 30. Nd6 Rxd1 31. Rxd1 Nxe5 32. Nxb5 c4 33. Nd4 Rxb2 34. Rf1 Rb6 35. Nf3 Nxf3 36. Bxf3 c3 37. Be4 Rb4 38. Re1 Kf6 39. g3 Ke5 40. Bd3+ Kf6 41. Kg2 e5 42. Kf2 Ke6 43. Re4 Rd4 44. Rxd4 exd4 45. Kf3 Ke5 46. Kg4 Kf6 47. h3 Kf7 48. Kh5 Kg7 49. g4 Kh8 50. Kxh6 Kg8 51. Kxg5 1-0